000 00342nam a2200145Ia 4500
001 R-1460
003 CODICE-MESSINA
005 20260212102507.0
008 260211s9999 xx 000 0 und d
040 _cimportazione_messina
100 _aCharles Augustin de Sainte-Beuve
245 0 _aVoluttà
260 _bRizzoli
942 _2ddc
_cBK
999 _c27963
_d27963